[Event "FIDE Online-ch U12 Girls 2020"]
[Site "Online"]
[Date "2020.12.19"]
[Round "3.1"]
[White "Lee, Alice"]
[Black "Shvedova, Alexandra"]
[Result "1/2-1/2"]
[WhiteElo "1967"]
[BlackElo "1994"]
[Annotator "TA"]
[PlyCount "67"]
[EventDate "2020.12.18"]
[EventType "k.o."]
[EventCountry "NET"]
[SourceTitle "playchess.com"]
[Source "ChessBase"]
[SourceQuality "1"]

{[%evp 13,67,20,45,32,32,27,34,14,22,0,4,-10,4,0,0,0,0,0,0,0,0,2,0,-1,0,-10,-9,-11,0,-2,-6,-16,-13,-35,-26,-30,-40,-32,-26,-70,-29,-27,-28,-54,0,0,0,0,0,0,0,0,0,0,0,-13]} 1. d4 d5 2. c4 e6 3. Nc3 Nf6 4. cxd5 exd5 5. Bg5 c6 6. e3 Be7 7. Bd3 Bg4 8. f3 {D35: Queen's Gambit Declined: Exchange Variation.} Bh5 9. Nge2 Bg6 10. Qc2 {White is slightly better.} Na6 {[#] And now ...Nb4 would win.} 11. a3 Nc7 {[#]} 12. Nf4 $146 ({Predecessor:} 12. O-O Ne6 13. Bh4 O-O 14. Rad1 Rc8 15. Bf2 b5 16. h3 Nd7 17. e4 Nb6 18. e5 Bxd3 19. Rxd3 {0-1 (56) Popiol,M (2126)-Grabarczyk,M (2397) Police 2018}) 12... Bxd3 13. Qxd3 h6 14. Bxf6 Bxf6 15. O-O O-O 16. Rad1 Qd6 17. Nh5 Rad8 18. e4 dxe4 19. Nxf6+ Qxf6 20. fxe4 Qg5 21. Qf3 Rd7 22. d5 Rfd8 23. dxc6 bxc6 24. h3 Ne6 25. Rxd7 Rxd7 26. Rd1 Qd8 (26... Rxd1+ {keeps more tension.} 27. Qxd1 h5 28. Qe2 g6 29. Qf2 h4) 27. Rxd7 Qxd7 28. Qd1 Qxd1+ (28... Qb7 $15 29. Qd2 Qb8) 29. Nxd1 $15 {KN-KN. The position is equal.} Nc5 30. Nc3 Kf8 31. b4 Ne6 32. Kf2 Ke7 33. Ke3 Kd6 34. a4 {Weighted Error Value: White=0.08/Black=0.07} 1/2-1/2

[Event "FIDE Online-ch U12 Girls 2020"]
[Site "Online"]
[Date "2020.12.19"]
[Round "3.2"]
[White "Shvedova, Alexandra"]
[Black "Lee, Alice"]
[Result "0-1"]
[WhiteElo "1994"]
[BlackElo "1967"]
[Annotator "TA"]
[PlyCount "76"]
[EventDate "2020.12.18"]
[EventType "k.o."]
[EventCountry "NET"]
[SourceTitle "playchess.com"]
[Source "ChessBase"]
[SourceQuality "1"]

{[%evp 9,75,-45,-38,-97,-97,-89,0,1,27,-18,-14,-24,-17,-20,13,13,12,-45,61,50,47,40,40,21,8,-29,0,-20,0,0,0,-62,0,0,0,0,31,-64,-22,-38,-31,-31,-31,-70,-41,-124,-82,-60,-22,-110,157,157,157,-132,154,154,154,-118,-108,-428,-412,-853,-846,-29985,-29986,-29986,-29987,-29999]} 1. e4 c6 2. d4 d5 3. e5 Bf5 4. h4 h5 5. Bg5 Qb6 6. Bd3 {B12: Caro-Kann: Advance Variation.} (6. b3 $15) 6... Bxd3 $17 7. Qxd3 e6 ({Black should play} 7... Qxb2 $17 8. Qc3 Qxc3+ 9. Nxc3 e6) 8. Nd2 $11 {The position is equal.} Qa6 (8... c5 {is interesting.} 9. Ne2 Nc6 10. c3 Nge7 11. O-O cxd4 12. cxd4 Nf5) 9. Qe3 (9. c4 {feels hotter.} Bb4 10. b3 c5 11. Ngf3 Nc6 12. dxc5 Nge7 13. O-O) 9... Ne7 {[#]} 10. Bxe7 $146 (10. c3 {with more complications.} c5 11. Ndf3 Nf5 12. Qe2 Qa4 13. Qd1) ({Predecessor:} 10. Ne2 Nf5 11. Qc3 Nd7 12. Ng3 Nxg3 13. Qxg3 c5 14. Qf4 cxd4 15. Rh3 f6 16. exf6 gxf6 17. Bxf6 {0-1 (38) Soukup,J (2308)-Helbig,M (2268) Germany 2016}) 10... Bxe7 11. Ne2 Nd7 12. Nf3 Qb6 13. O-O ({Better is} 13. b3 $11) 13... O-O-O (13... Qxb2 $15 14. Rfb1 Qxc2) 14. Rab1 Qa5 15. b4 Qc7 $1 ({Wrong is} 15... Bxb4 $2 16. Qb3 $18) 16. a4 Nb6 17. b5 Nc4 18. Qd3 b6 19. bxc6 Qxc6 20. Rb3 (20. Ra1 $11) 20... Kd7 (20... Qxa4 $15 21. Nd2 Kb8) 21. Ng5 Bxg5 22. hxg5 Rdf8 23. Nf4 (23. Ra1 $14) 23... g6 24. Rbb1 Ra8 25. Ra1 Rac8 26. Rab1 Rc7 27. Ne2 (27. Rb5 $15) 27... Na5 28. Qf3 Rf8 29. Nf4 (29. Ra1 $11) 29... Qxc2 $2 {[%mdl 8192] [#]} (29... Rfc8 $17 30. Nd3 Rf8) 30. Nxe6 $1 $16 {[%mdl 512]} Kxe6 31. Qf6+ $1 Kd7 {[#] Strongly threatening ...Qc6.} 32. e6+ $1 {[%mdl 1536] White has strong compensation.} Kc8 {[#] aiming for ...Qf5.} (32... fxe6 33. Qxf8) 33. Qg7 $2 (33. Rbc1 $1 $16 {[%mdl 512]} Qxc1 34. Rxc1 Rxc1+ 35. Kh2) 33... Rd8 $17 34. e7 $2 {[%mdl 8192] White does not recover from this.} (34. Rfc1 $17 {is a better chance.} Qxc1+ 35. Rxc1 Rxc1+ 36. Kh2 fxe6 37. Qxg6) 34... Re8 $19 ({Not} 34... Rxe7 35. Rfc1 $11) 35. Rbc1 (35. Qxf7 $142 Rexe7 36. Qg8+ Kb7 37. Qxd5+ Nc6 38. a5) 35... Qxc1 36. Qf8 {[#]} Qxf1+ $1 {Black mates.} 37. Kxf1 Rcxe7 {[%csl Ge8][%cal Re7e1]} 38. Qg7 Re1# {Accuracy: White = 51%, Black = 55%.} 0-1

[Event "FIDE Online-ch U12 Girls 2020"]
[Site "Online"]
[Date "2020.12.19"]
[Round "3.2"]
[White "Tang, Zoey"]
[Black "Kleymenova, Valeria"]
[Result "1-0"]
[WhiteElo "1871"]
[BlackElo "2018"]
[Annotator "TA"]
[PlyCount "45"]
[EventDate "2020.12.18"]
[EventType "k.o."]
[EventCountry "NET"]
[SourceTitle "playchess.com"]
[Source "ChessBase"]
[SourceQuality "1"]

{[%evp 9,45,8,46,22,33,29,35,34,40,35,89,90,112,100,118,102,83,43,40,41,71,32,64,70,78,81,75,49,72,50,43,41,45,55,237,227,459,460]} 1. d4 Nf6 2. Bg5 Ne4 3. Bf4 d5 4. e3 c5 5. Bd3 Nf6 6. c3 {A45: Trompowsky Attack.} e6 7. Nf3 Nc6 8. O-O {White is slightly better.} Bd6 {[#]} 9. dxc5 $146 ({Predecessor:} 9. Bg3 Bxg3 10. hxg3 Qe7 11. Nbd2 O-O 12. Ne5 Nxe5 13. dxe5 Nd7 14. f4 c4 15. Bc2 {½-½ (31) Ibanez Tarradellas,E (2203)-Colon Garcia,E (2339) Barcelona 2018}) 9... Bxf4 (9... Bxc5 $14 10. Nbd2 O-O) 10. exf4 $16 a5 11. Bb5 Qc7 12. Ne5 O-O 13. Re1 Nxe5 14. fxe5 Ne4 15. Bd3 (15. Rxe4 $5 Qxc5 16. Rh4 Qxb5 17. Qc2 $14) 15... Qxc5 16. Bxe4 dxe4 17. Rxe4 b5 18. Qd4 Qc6 19. Nd2 Bb7 {White must now prevent ...Rfd8.} 20. Rg4 {Threatens to win with Ne4.} Rad8 21. Qe3 {Hoping for Ne4.} f5 $2 (21... h5 $14 22. Rg3 g6) 22. exf6 $1 $18 {Qh6 would kill now.} Rxf6 $2 {[#]} (22... g6 {was called for.} 23. Ne4 Qd7) 23. Qg5 $1 {[%csl LRf6,LRg7] Accuracy: White = 84%, Black = 56%.} 1-0

[Event "FIDE Online-ch U12 Girls 2020"]
[Site "Online"]
[Date "2020.12.19"]
[Round "4.1"]
[White "Kleymenova, Valeria"]
[Black "Shvedova, Alexandra"]
[Result "1-0"]
[WhiteElo "2018"]
[BlackElo "1994"]
[Annotator "TA"]
[PlyCount "129"]
[EventDate "2020.12.18"]
[EventType "k.o."]
[EventCountry "NET"]
[SourceTitle "playchess.com"]
[Source "ChessBase"]
[SourceQuality "1"]

{[%evp 14,128,14,-15,26,1,2,3,75,71,61,41,35,18,29,0,80,0,0,-43,-48,-40,0,0,31,2,24,20,52,50,69,55,84,74,76,82,139,139,147,145,164,160,164,153,154,164,170,156,151,154,149,147,187,139,260,264,486,487,1565,1545,29986,29987,29987,29988,29988,29989,29989,29990,29990,29991,29991,29992,29992,29993,29993,29986,29987,29986,29986,29987,29987,29988,29988,29989,29992,29993,29993,29993,29994,29994,29994,29993,29993,29993,29993,29994,29994,29994,29995,29996,29996,29995,29997,29997,29998,29997,29997,29998,29998,29996,29996,29996,29996,29997,29998,29999,29999]} 1. d4 d5 2. c4 e6 3. Nf3 Nf6 4. Nc3 Be7 5. g3 O-O 6. Bg2 c6 7. O-O Nbd7 8. Bf4 b6 {E07: Closed Catalan: Main Line (5 Nf3 0-0 6 0-0 Nbd7).} 9. Qa4 Bb7 10. Rfd1 c5 (10... a6 $11) 11. cxd5 $16 Nxd5 12. Nxd5 {[#]} exd5 $146 ({Predecessor:} 12... Bxd5 13. Ne5 Nxe5 14. dxe5 Qc8 15. Bxd5 exd5 16. Rxd5 Qe6 17. Rad1 a5 {½-½ (33) Gralka,J (2294)-Klementys,J (1938) Krakow 2007}) 13. Bh3 Nf6 14. Ne5 Bd6 (14... Qe8 $11 {remains equal.} 15. Qc2 Rd8) 15. dxc5 (15. Nd7 $16 Bxf4 16. Nxf8) 15... bxc5 $11 16. Nf3 Bxf4 17. Qxf4 Qe7 18. e3 Rfd8 19. Rac1 Ne4 20. Bf5 h6 21. Qe5 Qxe5 22. Nxe5 Nd6 23. Bd7 {Black is on the road to losing.} Nc4 24. Bc6 Nxe5 (24... Rdb8 $142) 25. Bxb7 $16 Rab8 26. Bxd5 Rxb2 27. f4 Rxd5 28. Rxd5 {[%mdl 4096] Endgame KRR-KRN} Nf3+ 29. Kf1 Nxh2+ 30. Ke1 Rxa2 31. Rcxc5 ({Stronger than} 31. Rdxc5 Nf3+ 32. Kf1 Nh2+ 33. Kg1 Nf3+ 34. Kf1 Nh2+ 35. Ke1 Nf3+ 36. Kf1 $11) 31... Ng4 32. Rd3 Kh7 33. e4 a5 (33... Ra1+ $16 34. Ke2 Ra2+ 35. Kf3 Nh2+ 36. Ke3 Ng4+ 37. Kd4 Ra4+ 38. Rc4 Ra1) 34. Rc7 $18 Kg6 $2 {[#]} (34... Ra1+ {might work better.} 35. Ke2 Ra2+ 36. Rd2 Ra3) 35. Rd6+ f6 (35... Kh5 $142 36. Rxf7 Ra1+ 37. Ke2 Rg1 38. Rxg7 Rxg3) 36. Rdd7 Ne3 37. Rxg7+ {White mates.} Kh5 38. Rc5+ f5 39. exf5 Ng2+ 40. Kd1 {[%cal Rf5f6]} Ne3+ 41. Kc1 Ra1+ 42. Kb2 Rd1 43. f6+ Nd5 44. Rd7 a4 45. Rdxd5+ Rxd5 46. Rxd5+ {KR-KPP} Kg6 47. Rd6 h5 48. Ka3 h4 49. gxh4 Kf7 50. Kxa4 {KR-K} Kf8 51. h5 Kf7 52. h6 Kg6 {[#]} 53. f7+ $1 Kxf7 54. Kb5 Kg8 55. Kc5 Kh7 56. Kd5 Kg8 57. Ke5 Kh8 58. Kf6 Kh7 59. Kg5 Kg8 60. Kg6 {[%cal Rd6d8]} Kf8 61. h7 Ke7 62. Ra6 Kd7 63. h8=Q Ke7 64. Qg7+ Kd8 65. Ra8# {Weighted Error Value: White=0.11/Black=0.48} 1-0

[Event "FIDE Online-ch U12 Girls 2020"]
[Site "Online"]
[Date "2020.12.19"]
[Round "4.1"]
[White "Tang, Zoey"]
[Black "Lee, Alice"]
[Result "1/2-1/2"]
[WhiteElo "1871"]
[BlackElo "1967"]
[Annotator "RC"]
[PlyCount "156"]
[EventDate "2020.12.18"]
[EventType "k.o."]
[EventCountry "NET"]
[SourceTitle "playchess.com"]
[Source "ChessBase"]
[SourceQuality "1"]

1. d4 {[%emt 0:00:00]} d5 {[%emt 0:00:02]} 2. c4 {[%emt 0:00:02]} c6 {[%emt 0:00:02]} 3. cxd5 {[%emt 0:00:02]} cxd5 {[%emt 0:00:02]} 4. Nc3 {[%emt 0:00:02]} Nf6 {[%emt 0:00:02]} 5. Bf4 {[%emt 0:00:02]} Nc6 {[%emt 0:00:06]} 6. e3 {[%emt 0:00:03]} a6 {[%emt 0:00:09]} 7. Bd3 {[%emt 0:00:06]} g6 {[%emt 0:01:23]} 8. Nge2 {[%emt 0:00:17]} Bg7 {[%emt 0:00:24]} 9. Rc1 {[%emt 0:00:08]} O-O {[%emt 0:00:45]} 10. O-O {[%emt 0:00:08]} Nh5 {[%emt 0:01:19]} 11. h3 {[%emt 0:01:04]} Nxf4 {[%emt 0:00:41]} 12. Nxf4 {[%emt 0:00:02]} e6 {[%emt 0:00:37]} 13. Na4 {[%emt 0:00:38]} Re8 {[%emt 0:01:18]} 14. Nc5 {[%emt 0:00:48]} Nb4 {[%emt 0:01:13]} 15. Bb1 {[%emt 0:00:17]} Bf8 {[%emt 0:00:29]} 16. a3 {[%emt 0:00:22]} Bxc5 {[%emt 0:00:23]} 17. Rxc5 {[%emt 0:00:16]} Nc6 {[%emt 0:00:04]} 18. Qc2 {[%emt 0:00:49]} Bd7 {[%emt 0:00:42]} 19. b4 {[%emt 0:00:57]} Qf6 {[%emt 0:00:36]} 20. Qd2 {[%emt 0:00:37]} Rec8 {[%emt 0:00:28]} 21. Rfc1 {[%emt 0:00:12]} Na7 {[%emt 0:00:40]} 22. Nd3 {[%emt 0:00:29]} Qe7 {[%emt 0:00:38]} 23. Qd1 {[%emt 0:02:21]} Bb5 {[%emt 0:00:40]} 24. Ne5 {[%emt 0:00:54]} Rxc5 {[%emt 0:00:24]} 25. bxc5 {[%emt 0:01:58]} Nc6 {[%emt 0:00:57]} 26. Nf3 {[%emt 0:00:44]} Na5 {[%emt 0:00:20]} 27. Nd2 {[%emt 0:00:19]} Nc4 {[%emt 0:00:21]} 28. Nxc4 {[%emt 0:00:06]} Bxc4 {[%emt 0:00:03]} 29. Bd3 {[%emt 0:00:38]} Bxd3 {[%emt 0:00:04]} 30. Qxd3 {[%emt 0:00:02]} Rc8 {[%emt 0:00:22]} 31. Rb1 {[%emt 0:00:05]} Rc7 {[%emt 0:00:08]} 32. Rb6 {[%emt 0:00:26]} Kg7 {[%emt 0:00:52]} 33. Qb3 {[%emt 0:00:09]} h6 {[%emt 0:00:26]} 34. a4 {[%emt 0:00:15]} Qd7 {[%emt 0:00:08]} 35. a5 {[%emt 0:00:20]} Qc8 {[%emt 0:00:10]} 36. Kh2 {[%emt 0:00:37]} Qb8 {[%emt 0:00:16]} 37. g3 {[%emt 0:00:13]} Qc8 {[%emt 0:00:06]} 38. Kg2 {[%emt 0:00:02]} Qd7 {[%emt 0:00:08]} 39. h4 {[%emt 0:00:52]} h5 {[%emt 0:00:10]} 40. Qb4 {[%emt 0:00:48]} Qe7 {[%emt 0:00:22]} 41. Qb2 {[%emt 0:00:44]} Kg8 {[%emt 0:00:23]} 42. Qb3 {[%emt 0:00:18]} Kg7 {[%emt 0:00:13]} 43. Qb4 {[%emt 0:00:55]} Kg8 {[%emt 0:00:14]} 44. c6 {[%emt 0:00:25]} Qxb4 {[%emt 0:00:21]} 45. Rxb4 {[%emt 0:00:02]} bxc6 {[%emt 0:00:18]} 46. Rb8+ {[%emt 0:00:11]} Kg7 {[%emt 0:00:05]} 47. Ra8 {[%emt 0:00:01]} c5 {[%emt 0:00:07]} 48. dxc5 {[%emt 0:00:02]} Rc6 {[%emt 0:00:22]} 49. Kf1 {[%emt 0:00:08]} Kf6 {[%emt 0:00:08]} 50. Ke2 {[%emt 0:00:02]} Ke5 {[%emt 0:00:08]} 51. Kd3 {[%emt 0:00:06]} Rxc5 {[%emt 0:00:29]} 52. Rxa6 {[%emt 0:00:02]} f6 {[%emt 0:00:09]} 53. Ra8 {[%emt 0:00:25]} Kf5 {[%emt 0:00:10]} 54. f3 {[%emt 0:00:09]} Ke5 {[%emt 0:00:15]} 55. a6 {[%emt 0:00:11]} Kf5 {[%emt 0:00:11]} 56. a7 {[%emt 0:00:35]} Ra5 {[%emt 0:00:09]} 57. Kc3 {[%emt 0:00:02]} Ra3+ {[%emt 0:00:06]} 58. Kb4 {[%emt 0:00:16]} Ra1 {[%emt 0:00:03]} 59. Kc5 {[%emt 0:00:11]} Ke5 {[%emt 0:00:22]} 60. Kc6 {[%emt 0:00:12]} Ra2 {[%emt 0:00:08]} 61. Kd7 {[%emt 0:00:10]} Ra1 {[%emt 0:00:23]} 62. Ke7 {[%emt 0:00:05]} Kf5 {[%emt 0:00:16]} 63. Kf7 {[%emt 0:00:02]} g5 {[%emt 0:00:28]} 64. Kg7 {[%emt 0:00:56]} gxh4 {[%emt 0:00:22]} 65. gxh4 {[%emt 0:00:03]} e5 {[%emt 0:00:11]} 66. Kh6 {[%emt 0:00:09]} d4 {[%emt 0:00:14]} 67. exd4 {[%emt 0:00:06]} exd4 {[%emt 0:00:03]} 68. Kxh5 {[%emt 0:00:09]} d3 {[%emt 0:00:02]} 69. Kh6 {[%emt 0:00:17]} d2 {[%emt 0:00:06]} 70. Rd8 {[%emt 0:00:09]} Rxa7 {[%emt 0:00:17]} 71. Rxd2 {[%emt 0:00:05]} Ra3 {[%emt 0:00:16]} 72. Rf2 {[%emt 0:00:18]} Kf4 {[%emt 0:00:10]} 73. h5 {[%emt 0:00:10]} f5 {[%emt 0:00:07]} 74. Kg6 {[%emt 0:00:14]} Ra6+ {[%emt 0:00:04]} 75. Kg7 {[%emt 0:00:05]} Ra7+ {[%emt 0:00:02]} 76. Kg6 {[%emt 0:00:07]} Ra6+ {[%emt 0:00:01]} 77. Kg7 {[%emt 0:00:03]} Ra7+ {[%emt 0:00:01]} 78. Kg6 {[%emt 0:00:01]} Ra6+ {[%emt 0:00:01]} 1/2-1/2

[Event "FIDE Online-ch U12 Girls 2020"]
[Site "Online"]
[Date "2020.12.19"]
[Round "4.2"]
[White "Shvedova, Alexandra"]
[Black "Kleymenova, Valeria"]
[Result "1-0"]
[WhiteElo "1994"]
[BlackElo "2018"]
[Annotator "NA RC"]
[PlyCount "105"]
[EventDate "2020.12.18"]
[EventType "k.o."]
[EventCountry "NET"]
[SourceTitle "playchess.com"]
[Source "ChessBase"]
[SourceQuality "1"]

1. e4 {[%emt 0:00:00]} c5 {[%emt 0:00:03]} 2. Nf3 {[%emt 0:00:02]} e6 {[%emt 0:00:02]} 3. d4 {[%emt 0:00:01]} cxd4 {[%emt 0:00:02]} 4. Nxd4 {[%emt 0:00:02]} Nf6 {[%emt 0:00:02]} 5. Nc3 {[%emt 0:00:01]} d6 {[%emt 0:00:02]} 6. g4 {[%emt 0:00:02]} h6 {[%emt 0:00:14]} 7. h3 {[%emt 0:00:02]} Nc6 {[%emt 0:00:07]} 8. Be3 {[%emt 0:00:02]} Be7 {[%emt 0:00:48]} 9. Bg2 {[%emt 0:00:03]} a6 {[%emt 0:00:22]} 10. Qe2 {[%emt 0:00:08]} Qc7 {[%emt 0:00:33]} 11. f4 {[%emt 0:00:26]} Nxd4 {[%emt 0:00:50]} 12. Bxd4 {[%emt 0:00:03]} e5 {[%emt 0:00:24]} 13. Be3 {[%emt 0:00:13]} exf4 {[%emt 0:01:06]} 14. Bxf4 {[%emt 0:00:10]} Be6 {[%emt 0:01:20]} 15. O-O-O {[%emt 0:02:41]} O-O-O {[%emt 0:03:39]} 16. Rhe1 {[%emt 0:03:51]} Rhe8 {[%emt 0:01:06]} 17. Qd2 {[%emt 0:00:35]} Nh7 {[%emt 0:01:47]} 18. Nd5 {[%emt 0:01:13]} Bxd5 {[%emt 0:00:13]} 19. Qxd5 {[%emt 0:00:02]} Ng5 {[%emt 0:01:43]} 20. Re3 {[%emt 0:01:46]} Bf6 {[%emt 0:01:19]} 21. Rb3 {[%emt 0:01:52]} Be5 {[%emt 0:00:50]} 22. Be3 {[%emt 0:00:38]} Qc6 {[%emt 0:00:36]} 23. Qa5 {[%emt 0:01:26]} Ne6 {[%emt 0:00:21]} 24. Rb6 {[%emt 0:01:08]} Qc7 {[%emt 0:00:05]} 25. Bf1 {[%emt 0:00:12]} Nc5 {[%emt 0:00:31]} 26. Qb4 {[%emt 0:02:04]} Nd7 {[%emt 0:00:26]} 27. Rxa6 {[%emt 0:00:05]} Nb8 {[%emt 0:00:17]} 28. Ra3 {[%emt 0:00:06]} Nc6 {[%emt 0:00:07]} 29. Qb5 {[%emt 0:00:03]} Qb8 {[%emt 0:00:31]} 30. Bb6 {[%emt 0:00:13]} Rd7 {[%emt 0:00:03]} 31. Qd5 {[%emt 0:00:07]} Nb4 {[%emt 0:00:12]} 32. Qb3 {[%emt 0:00:11]} Nc6 {[%emt 0:00:07]} 33. Bb5 {[%emt 0:00:03]} Bf4+ {[%emt 0:00:06]} 34. Kb1 {[%emt 0:00:02]} Rxe4 {[%emt 0:00:05]} 35. Qc3 {[%emt 0:00:38]} Be5 {[%emt 0:00:05]} 36. Qd3 {[%emt 0:00:06]} Rb4 {[%emt 0:00:16]} 37. Rb3 {[%emt 0:00:08]} Rxb3 {[%emt 0:00:07]} 38. Qxb3 {[%emt 0:00:02]} Re7 {[%emt 0:00:17]} 39. Qd5 {[%emt 0:00:25]} Kd7 {[%emt 0:00:08]} 40. Rf1 {[%emt 0:00:06]} f6 {[%emt 0:00:08]} 41. c4 {[%emt 0:00:14]} Qf8 {[%emt 0:00:11]} 42. Rd1 {[%emt 0:00:11]} Qf7 {[%emt 0:00:06]} 43. Qe4 {[%emt 0:00:02]} f5 {[%emt 0:00:24]} 44. gxf5 {[%emt 0:00:12]} Bxb2 {[%emt 0:00:08]} 45. Qd3 {[%emt 0:00:13]} Qf6 {[%emt 0:00:12]} 46. c5 {[%emt 0:00:09]} Be5 {[%emt 0:00:18]} 47. cxd6 {[%emt 0:00:07]} Re8 {[%emt 0:00:08]} 48. Bc4 {[%emt 0:00:13]} Ba1 {[%emt 0:00:18]} 49. Be6+ {[%emt 0:00:07]} Rxe6 {[%emt 0:00:02]} 50. fxe6+ {[%emt 0:00:01]} Kxe6 {[%emt 0:00:01]} 51. Qe4+ {[%emt 0:00:15]} Kf7 {[%emt 0:00:14]} 52. Qc4+ {[%emt 0:00:09]} Kf8 {[%emt 0:00:15]} 53. Rf1 {[%emt 0:00:02]} 1-0

[Event "FIDE Online-ch U12 Girls 2020"]
[Site "Online"]
[Date "2020.12.19"]
[Round "4.2"]
[White "Lee, Alice"]
[Black "Tang, Zoey"]
[Result "1/2-1/2"]
[WhiteElo "1967"]
[BlackElo "1871"]
[Annotator "TA"]
[PlyCount "142"]
[EventDate "2020.12.18"]
[EventType "k.o."]
[EventCountry "NET"]
[SourceTitle "playchess.com"]
[Source "ChessBase"]
[SourceQuality "1"]

{[%evp 22,142,0,0,59,42,55,60,70,50,57,36,24,18,33,25,12,-8,0,0,16,20,14,0,1,0,0,0,0,-8,0,0,0,-10,0,-11,0,0,6,-10,0,-3,0,-3,-3,-3,0,0,0,-17,0,-34,-19,-44,0,0,0,-71,-36,-36,-38,-37,0,-80,-7,-17,0,0,0,0,0,0,0,0,0,0,0,0,0,0,0,0,0,0,0,0,0,0,0,0,0,0,0,0,0,0,0,0,0,0,0,0,0,0,0,0,0,0,0,0,0,0,0,0,0,0,0,0,0,0,0,0,0]} 1. d4 Nf6 2. c4 g6 3. Nc3 Bg7 4. e4 d6 5. Nf3 O-O 6. Be2 e5 7. Be3 Nbd7 8. O-O exd4 9. Bxd4 Re8 10. Qc2 c6 11. Rad1 Qe7 12. Rfe1 a5 {E94: King's Indian: Classical: 6 Be2 e5 7 0-0: Various Black 7th moves.} ({Black should play} 12... c5 $11 13. Bxf6 Nxf6) 13. Bf1 Ne5 14. Nxe5 dxe5 {White is slightly better.} 15. Bb6 Be6 {[#]} 16. f3 $146 ({Predecessor:} 16. Na4 Nd7 17. Be3 f5 18. exf5 gxf5 19. f3 Kh8 20. c5 Rg8 21. Bc4 Nf6 22. Bxe6 Qxe6 {1-0 (56) Moreno Ruiz,J (2454)-Collazo Hidalgo Gato,N (2213) La Roda 2017}) 16... Rec8 17. Bf2 Nd7 18. Na4 b5 19. Rxd7 {[%mdl 64] [#] Remove Defender, Decoy} Bxd7 20. Nb6 {[%mdl 64] Double Attack} Rab8 21. Nxc8 Rxc8 22. Qd2 b4 23. Rd1 Be6 24. b3 Bf8 25. Bg3 Qc5+ 26. Bf2 Qe7 27. Be3 f6 28. Bf2 Qf7 29. Qe3 c5 30. Rd3 Be7 31. Qd2 Ra8 32. Be3 a4 33. Qf2 axb3 34. axb3 Qf8 35. h4 h5 36. f4 exf4 37. Qxf4 Kh7 38. Be2 Ra1+ 39. Rd1 (39. Kh2 $11) 39... Rxd1+ (39... Bd6 {is more complex.} 40. Qf2 Ra2 41. Rd2 Rxd2 42. Bxd2 Qe7) 40. Bxd1 Bd6 41. Qf2 Kg8 42. Qc2 (42. Bc2 $11 {keeps the balance.}) 42... Be5 (42... Bf7 $17) 43. Qf2 $11 {The position is equal.} Qd6 44. Bc2 Bd4 45. Bxd4 Qxd4 46. Qxd4 cxd4 {[%mdl 4096] Endgame KB-KB} 47. Kf2 Bg4 48. Ke1 Kf7 49. Kd2 {Black must now prevent Bd1.} Ke6 50. c5 Ke5 51. c6 Be6 52. c7 g5 53. g3 gxh4 54. gxh4 Kd6 55. Kd3 Kxc7 56. Kxd4 {Kc5 is the strong threat.} Kd6 57. Bd1 Bf7 58. Bc2 Be6 59. Bd1 Bf7 60. Be2 Bxb3 61. Bxh5 {Cut Off at move 61} Bg8 62. Bg6 {[#] And now h5 would win.} b3 63. Kc3 Ke7 64. h5 {Hoping for h6.} Bf7 65. Bxf7 Kxf7 66. Kxb3 {KPP-KP} Kg7 67. Kc4 {Intending Kd5 and mate.} Kh6 68. Kd5 {Ke6 would kill now.} Kxh5 69. Ke6 Kg5 70. Kf7 Kf4 71. Kxf6 {Threatening mate with e5.} Kxe4 {Weighted Error Value: White=0.11/Black=0.10} 1/2-1/2